Муниципальная библиотека как хранитель памяти и истории родного края (Запись № 11137625)

Подробности
000 -МАРКЕР
контрольное поле 02703nam0a2200385 i 4500
001 - ИДЕНТИФИКАТОР ЗАПИСИ
контрольное поле RU\NLR\BIBL_A\011331633
005 - ИДЕНТИФИКАТОР ВЕРСИИ
контрольное поле 20260405123320.0
010 ## - МЕЖДУНАРОДНЫЙ СТАНДАРТНЫЙ НОМЕР КНИГИ (ISBN)
Номер (ISBN) 9785904977801
Тираж 200
021 ## - НОМЕР ГОСУДАРСТВЕННОЙ РЕГИСТРАЦИИ
Код страны Российская Федерация
Номер 2017-4367
Номер Листа государственной регистраци 304
035 ## - ДРУГИЕ СИСТЕМНЫЕ НОМЕРА
Идентификатор записи (NILC)LIBNET\0000746421
035 ## - ДРУГИЕ СИСТЕМНЫЕ НОМЕРА
Идентификатор записи (NLR Aleph) 011331633
100 ## - ДАННЫЕ ОБЩЕЙ ОБРАБОТКИ
Данные общей обработки 20170220d2016 k y0rusy50 ca
101 0# - ЯЗЫК РЕСУРСА
Язык текста, звукозаписи и т.д. русский
102 ## - СТРАНА ПУБЛИКАЦИИ ИЛИ ПРОИЗВОДСТВА
Страна публикации Российская Федерация
105 ## - ПОЛЕ КОДИРОВАННЫХ ДАННЫХ: ТЕКСТОВЫЕ МАТЕРИАЛЫ, МОНОГРАФИЧЕСКИЕ
Кодированные данные о монографическом текстовом документе y z 100zy
200 1# - ЗАГЛАВИЕ И СВЕДЕНИЯ ОБ ОТВЕТСТВЕННОСТИ
Основное заглавие Муниципальная библиотека как хранитель памяти и истории родного края
Сведения, относящиеся к заглавию материалы межрегиональной (с международным участием) научно-практической интернет-конференции, 4-5 октября 2016
Первые сведения об ответственности [составитель: Е. В. Семенихина
Последующие сведения об ответственности редакторы: О. О. Борисова, И. А. Гладкова]
210 ## - ПУБЛИКАЦИЯ, РАСПРОСТРАНЕНИЕ И ДР.
Место издания, распространения и т.д. Орел
Имя издателя, распространителя и т. д. ООО "Горизонт"
Дата издания, распространения и т.д. 2016
215 ## - ФИЗИЧЕСКАЯ ХАРАКТЕРИСТИКА
Специфическое обозначение материала и объем 149 с.
Размеры 20
300 ## - ОБЩИЕ ПРИМЕЧАНИЯ
Текст примечания В надзаг.: Упр. культуры администрации г. Орла, Муницип. каз. учреждение культуры "Централизованная библиотечная система города Орла", Федер. гос. бюджет. образоват. учреждение высш. образования "Орловский гос. ин-т культуры"
320 ## - ПРИМЕЧАНИЯ О НАЛИЧИИ В ДОКУМЕНТЕ БИБЛИОГРАФИИ / УКАЗАТЕЛЯ
Текст примечания Библиогр. в тексте и в конце ст.
606 1# - НАИМЕНОВАНИЕ ТЕМЫ КАК ПРЕДМЕТ
Наименование темы Муниципальные библиотеки
Формальный подзаголовок Съезды, совещания и т.п.
Географический подзаголовок Российская Федерация
Системный номер авторитетной/нормативной записи 2196671
Идентификатор авторитетной/нормативной записи RU\NLR\AUTH\661320190
606 ## - НАИМЕНОВАНИЕ ТЕМЫ КАК ПРЕДМЕТ
Наименование темы Библиотечное краеведение
Формальный подзаголовок Съезды, совещания и т.п.
Системный номер авторитетной/нормативной записи 2084941
Идентификатор авторитетной/нормативной записи RU\NLR\AUTH\661261041
686 1# - ИНДЕКСЫ ДРУГИХ КЛАССИФИКАЦИЙ
Индекс Ч735.113.478.9я431
686 1# - ИНДЕКСЫ ДРУГИХ КЛАССИФИКАЦИЙ
Индекс Ч734(2Р)711.3я431
702 #1 - ИМЯ ЛИЦА - ВТОРИЧНАЯ ОТВЕТСТВЕННОСТЬ
Начальный элемент ввода Семенихина
Часть имени, кроме начального элемента ввода Е. В.
Код отношения Составитель
702 #1 - ИМЯ ЛИЦА - ВТОРИЧНАЯ ОТВЕТСТВЕННОСТЬ
Код отношения Редактор
Материалы, к которым относится поле rus
Графика поля Кириллица
Начальный элемент ввода Борисова
Часть имени, кроме начального элемента ввода О. О.
Дополнения к именам, кроме дат д-р пед. наук
Даты 1957-
Расширение инициалов личного имени Ольга Олеговна
Идентификатор авторитетной/нормативной записи RU\NLR\AUTH\7749010
Системный номер авторитетной/нормативной записи 31945
711 12 - НАИМЕНОВАНИЕ ОРГАНИЗАЦИИ - АЛЬТЕРНАТИВНАЯ ОТВЕТСТВЕННОСТЬ
Начальный элемент ввода "Муниципальная библиотека как хранитель памяти и истории родного края", межрегиональная (с международным участием) научно-практическая Интернет-конференция
Место проведения временной организации Орел
Дата проведения временной организации 2016
Системный номер авторитетной/нормативной записи 550177
Идентификатор авторитетной/нормативной записи RU\NLR\AUTH\880443108
801 #0 - ИСТОЧНИК ЗАПИСИ
Страна Российская Федерация
Организация Орловская ОПБ
Дата составления 20170215
Правила каталогизации rcr
942 ## - ДОПОЛНИТЕЛЬНЫЕ ЭЛЕМЕНТЫ ЗАПИСИ (АБИС)
Тип экземпляра АБИС Книга
980 ## - КОЛЛЕКЦИЯ
Название коллекции НБР

Нет доступных экземпляров.